Anagramme 1- Animaux - Statistiques

Statistiques générales
  • Ce quiz a été pris 392 fois
  • Le résultat moyen est 9 sur 10
Statistiques - réponses
Mot Indice Animal % Correct
Niche Il y est bien abrité Chien
99%
Soie Elles migrent l’hiver où gardent la basse-cour Oies
99%
Loupe Elle cherche du grain Poule
99%
Tourte Elle marche lentement Tortue
98%
Girolle C’est un grand singe Gorille
96%
Aire Elle est toujours à plat Raie
95%
Cadran Il affectionne les mares Canard
94%
Poigne À l’occasion, il est voyageur Pigeon
90%
Rendra Il est malin comme un singe Renard
89%
Signaler Il fonce dans la forêt Sanglier
82%
Aucun quiz correspondant
Distribution des résultats
% des personnes avec chaque résultat
Percentile par nombre de réponses
Votre historique - résultats
Vous n’avez pas pris ce quiz